Thérèse and Isabelle /

A woman revisits her adolescent girls school where she passionately remembers her first romance with a fellow student.

Bibliographic Details
Corporate Authors: Audubon Films, Amsterdam Film Corp, First-Run Features Home Video (Firm)
Other Authors: Metzger, Radley, Persson, Essy, Gaël, Anna, 1943-, Auric, Georges, 1899-1983, Leduc, Violette, 1907-1972
Format: Video VHS
Language:English
Published: New York, NY : First Run Features Home Video, [1997?]
Series:Films of Radley Metzger.
Subjects:

MARC

Tag First Indicator Second Indicator Subfields
LEADER 00000cgm a2200000 a 4500
001 in00004728321
008 980914p19971967nyu126 vleng d
007 vf bbahou
005 20230711153444.5
035 |a (OCoLC)ocm39861938 
040 |a UMC  |b eng  |c UMC  |d OCLCQ  |d OCLCG  |d NDD  |d OCLCQ  |d OCLCA  |d OCLCF  |d OCLCO  |d OCLCQ  |d SFR  |d OCLCO  |d OCL  |d OCLCA  |d OCLCO  |d OCLCQ  |d TXA 
019 |a 80454387  |a 1014204944 
024 1 |a 720229908238 
035 |a (OCoLC)39861938  |z (OCoLC)80454387  |z (OCoLC)1014204944 
043 |a e-fr--- 
050 4 |a PN1997  |b .T416 1997 
245 0 0 |a Thérèse and Isabelle /  |c Audubon Films presents ; produced by Amsterdam Film Corporation ; screenplay by Jesse Vogel ; produced and directed by Radley Metzger. 
264 1 |a New York, NY :  |b First Run Features Home Video,  |c [1997?] 
300 |a 1 videocassette (126 min.) :  |b sound, black and white ;  |c 1/2 in. 
336 |a two-dimensional moving image  |b tdi  |2 rdacontent 
337 |a video  |b v  |2 rdamedia 
338 |a videocassette  |b vf  |2 rdacarrier 
346 |a VHS  |2 rdavf 
490 1 |a The Films of Radley Metzger 
511 1 |a Essy Persson, Anna Gaël. 
508 |a Director of photography, Hans Jura ; editor, Humphrey Wood ; music, Georges Auric. 
500 |a Based on the novel by Violette Leduc. 
500 |a Originally issued as a motion picture in 1967. 
500 |a Widescreen Ultrascope. 
500 |a Includes original theatrical trailer. 
520 |a A woman revisits her adolescent girls school where she passionately remembers her first romance with a fellow student. 
500 |a The Cushing Library/Women & Gender Studies copy was acquired as part of The Arden Eversmeyer Collection.  |5 TXA 
650 0 |a Lesbian teenagers  |v Drama. 
651 0 |a France  |v Drama. 
655 7 |a Feature films.  |2 lcgft 
655 7 |a Erotic films.  |2 lcgft 
655 7 |a Lesbian films.  |2 lcgft 
655 7 |a Film adaptations.  |2 lcgft 
655 7 |a Adaptations cinématographiques.  |2 rvmgf 
700 1 |a Metzger, Radley. 
700 1 |a Persson, Essy. 
700 1 |a Gaël, Anna,  |d 1943- 
700 1 |a Auric, Georges,  |d 1899-1983. 
700 1 |i Motion picture adaptation of (work):  |a Leduc, Violette,  |d 1907-1972.  |t Thérèse et Isabelle. 
710 2 |a Audubon Films. 
710 2 |a Amsterdam Film Corp. 
710 2 |a First-Run Features Home Video (Firm) 
830 0 |a Films of Radley Metzger. 
994 |a Z0  |b TXA 
948 |h HELD BY TXA - 14 OTHER HOLDINGS 
999 f f |s c786cd52-1d95-414b-b867-9dd709ee7cd3  |i c2f90089-fb70-4fe5-88fc-574f62182729  |t 0 
952 f f |p noncirc  |a Texas A&M University  |b College Station  |c Cushing Memorial Library & Archives  |d Cushing: Women & Gender Studies (Does not check out)  |t 0  |e PN1997 .T416 1997  |h Library of Congress classification  |i video -- videocassette  |m A14853115926 
998 f f |a PN1997 .T416 1997  |t 0  |l Cushing: Women & Gender Studies (Does not check out)